Normal view
MARC view
Entry Personal Name
001 - CONTROL NUMBER
- control field: 28166
003 - CONTROL NUMBER IDENTIFIER
- control field: OSt
005 - DATE AND TIME OF LATEST TRANSACTION
- control field: 20230719170512.0
008 - FIXED-LENGTH DATA ELEMENTS
- fixed length control field: 230719|| aca||aabn | a|a d
040 ## - CATALOGING SOURCE
- Original cataloging agency: OSt
- Transcribing agency: OSt
100 ## - HEADING--PERSONAL NAME
- Personal name: ဝၢၼ်ႈၼွၵ်ႈ(မိူင်းၼၢင်းသိပ်းသွင်)၊
- Titles and other words associated with a name: ၸၢႆး။
670 ## - SOURCE DATA FOUND
- Source citation: Work cat.: (OSt): ဝၢၼ်ႈၼွၵ်ႈ(မိူင်းၼၢင်းသိပ်းသွင်)၊ ၸၢႆး။, လွင်ႈပုၵ်ႉထၽႃႇသႃႇလႄႈ လွင်ႈယူႇသဝ်းပိူင်ၵူၼ်း /, 2014 ။